[Event "Uljanovsk Privolje op"]
[Site "Uljanovsk"]
[Date "2012.02.04"]
[Round "7"]
[White "Gayduk, Evgeny"]
[Black "Seyfutdinov, Rustam"]
[Result "1-0"]
[WhiteElo "2305"]
[BlackElo "1804"]
[PlyCount "59"]
[EventDate "2012.01.31"]
[EventType "swiss"]
[EventRounds "9"]
[EventCountry "RUS"]
[SourceTitle "EXT 2013"]
[Source "ChessBase"]
[SourceDate "2012.11.22"]
[SourceVersion "1"]
[SourceVersionDate "2012.11.22"]
[SourceQuality "1"]

1. Nf3 Nf6 2. c4 g6 3. g3 Bg7 4. d4 0-0 5. Bg2 d6 6. 0-0 h6 7. Nc3 Nbd7 8. e4 e5 9. d5 Ne8 10. Qc2 f5 11. Nh4 Qf6 12. exf5 gxf5 13. Bh3 Nb6 14. b3 c6 15. Bg2 Bd7 16. Qe2 Nc7 17. a4 a5 18. dxc6 Bxc6 19. Be3 Nd7 20. Rad1 Nc5 21. Bxc5 dxc5 22. Nd5 Bxd5 23. cxd5 Qd6 24. Bh3 f4 25. Nf5 Qf6 26. Qe4 Rad8 27. d6 Ne6 28. Ne7+ Kf7 29. Qxb7 Ng5 30. Nd5+ 1-0

[Event "Uljanovsk Privolje op"]
[Site "Uljanovsk"]
[Date "2012.01.31"]
[Round "1"]
[White "Gayduk, Evgeny"]
[Black "Afanasiev, Petr"]
[Result "1-0"]
[WhiteElo "2305"]
[BlackElo "1805"]
[PlyCount "49"]
[EventDate "2012.01.31"]
[EventType "swiss"]
[EventRounds "9"]
[EventCountry "RUS"]
[SourceTitle "EXT 2013"]
[Source "ChessBase"]
[SourceDate "2012.11.22"]
[SourceVersion "1"]
[SourceVersionDate "2012.11.22"]
[SourceQuality "1"]

1. Nf3 Nf6 2. c4 c5 3. g3 Nc6 4. Bg2 e6 5. 0-0 Be7 6. Nc3 d5 7. cxd5 exd5 8. d4 Be6 9. Bg5 Rc8 10. dxc5 a6 11. Na4 h6 12. Be3 Ng4 13. Bd4 Nxd4 14. Nxd4 Qa5 15. Nxe6 fxe6 16. e4 Nf6 17. exd5 exd5 18. Re1 Rd8 19. b4 Qc7 20. Qe2 Kf8 21. Nb6 g5 22. Rad1 d4 23. Qe6 Rh7 24. Nd5 Nxd5 25. Bxd5 1-0

[Event "Uljanovsk op"]
[Site "Uljanovsk"]
[Date "2008.02.06"]
[Round "9"]
[White "Galiev, Azat"]
[Black "Gayduk, Evgeny"]
[Result "1/2-1/2"]
[WhiteElo "2201"]
[BlackElo "2330"]
[PlyCount "53"]
[EventDate "2008.02.01"]
[EventType "swiss"]
[EventRounds "9"]
[EventCountry "RUS"]
[SourceTitle "EXT 2009"]
[Source "ChessBase"]
[SourceDate "2008.11.26"]
[SourceVersion "1"]
[SourceVersionDate "2008.11.26"]
[SourceQuality "1"]

1. e4 g6 2. d4 Bg7 3. f4 d6 4. Nf3 Nf6 5. Nc3 c5 6. dxc5 Qa5 7. Qd3 Qxc5 8. Be3 Qa5 9. Qb5+ Qxb5 10. Bxb5+ Nc6 11. Nd5 Nxd5 12. exd5 a6 13. Bxc6+ bxc6 14. dxc6 Bxb2 15. Rb1 Bc3+ 16. Kf2 Be6 17. a4 0-0 18. Bd4 Ba5 19. Bb6 Bxb6+ 20. Rxb6 Rfc8 21. Nd4 Bd5 22. Re1 Rc7 23. Re3 f6 24. Rc3 e5 25. Nb3 Rf7 26. Na5 Be6 27. g3 1/2-1/2

[Event "Uljanovsk op"]
[Site "Uljanovsk"]
[Date "2008.02.05"]
[Round "7"]
[White "Galkin, Roman"]
[Black "Gayduk, Evgeny"]
[Result "0-1"]
[WhiteElo "1971"]
[BlackElo "2330"]
[PlyCount "94"]
[EventDate "2008.02.01"]
[EventType "swiss"]
[EventRounds "9"]
[EventCountry "RUS"]
[SourceTitle "EXT 2009"]
[Source "ChessBase"]
[SourceDate "2008.11.26"]
[SourceVersion "1"]
[SourceVersionDate "2008.11.26"]
[SourceQuality "1"]

1. e4 g6 2. d4 Bg7 3. Nc3 c5 4. Nf3 cxd4 5. Nxd4 Nc6 6. Nb3 Nf6 7. Be2 0-0 8. 0-0 d6 9. Kh1 a6 10. f4 Bd7 11. Bf3 Rc8 12. Nd5 Nxd5 13. exd5 Na5 14. Re1 Nc4 15. c3 Re8 16. Nd4 b5 17. Be4 e5 18. dxe6 fxe6 19. b3 Nb6 20. Bb2 d5 21. Bd3 Qh4 22. g3 Qf6 23. Nf3 b4 24. Ne5 bxc3 25. Bc1 Bb5 26. Be3 Qd8 27. Bd4 Nd7 28. Rc1 Nxe5 29. fxe5 Qa5 30. a4 Bxd3 31. Qxd3 c2 32. Re2 Qb4 33. Rcxc2 Rxc2 34. Rxc2 Bxe5 35. Bxe5 Qe1+ 36. Kg2 Qxe5 37. Rc6 a5 38. Rc5 Qe1 39. Rc2 Qb4 40. Qe3 e5 41. Rc7 Re7 42. Rc8+ Kg7 43. Qf3 Qd2+ 44. Kh3 Rf7 45. Qg4 Qd3 46. Rd8 Qf1+ 47. Kh4 Qg2 0-1

[Event "Uljanovsk op"]
[Site "Uljanovsk"]
[Date "2008.02.03"]
[Round "4"]
[White "Gayduk, Evgeny"]
[Black "Shaklein, Alexander"]
[Result "1/2-1/2"]
[WhiteElo "2330"]
[BlackElo "2225"]
[PlyCount "55"]
[EventDate "2008.02.01"]
[EventType "swiss"]
[EventRounds "9"]
[EventCountry "RUS"]
[SourceTitle "EXT 2009"]
[Source "ChessBase"]
[SourceDate "2008.11.26"]
[SourceVersion "1"]
[SourceVersionDate "2008.11.26"]
[SourceQuality "1"]

1. Nf3 d5 2. g3 c6 3. Bg2 Nf6 4. 0-0 Bf5 5. d3 e6 6. Nh4 Bg6 7. Nxg6 hxg6 8. c3 Be7 9. Nd2 a5 10. Qc2 Na6 11. e4 Qb6 12. Nf3 Rd8 13. h3 Nc7 14. Bg5 Nd7 15. Be3 c5 16. b4 Qc6 17. bxc5 Bxc5 18. exd5 exd5 19. Bg5 f6 20. Rfe1+ Kf7 21. Bd2 Rhe8 22. c4 Qb6 23. Bf4 Ne6 24. d4 Bb4 25. c5 Qc6 26. Bd2 b6 27. Bxb4 axb4 28. Qb3 1/2-1/2